000 00275nam a2200121Ia 4500
003 OSt
005 20250509154452.0
040 _cLCC
050 _aHT 148 .K4 U73 1981
100 _aObudho,R. A.
245 0 _aUrbanization and Development Planning in Kenya
942 _cBK
_2ddc
_n0
999 _c74511
_d74511